000 00982nam a22003137a 4500
003 CHAP
005 20220329134706.0
008 971013s1966 r 00010 d
010 _a24261
011 _a25233
035 _a29333
040 _cCHAP
090 _aTesis
100 0 0 _aInfante Heller, Leslie.
_958053
245 _aHeterosis y sus abatimiento en ocho cruzas de sorgo para grano
260 _aChapingo, Méx. :
_bEla utor,
_c1966
300 _a71 h.
_b: ilus. ; apéndice
502 _aTesis (M.C. Esp. en Genética) -- ENA.
590 _aALEPH
_b10
_c20130110
_lUCH01
_h1248
590 _aBATCH-UPD
_b10
_c20130110
_lUCH01
_h2242
590 _aCONVERSION
_b10
_c20130109
_lUCH01
_h1314
650 1 4 _aSorgo
_xMejoramiento.
_9108694
901 _aBK
942 _cFOLL
949 _bBC
_cTES
_d-67766
_eTS1
_i29333
_si
949 _bBC
_cTES
_d-67767
_eTS2
_fc.2
_i29333
_si
949 _bBC
_cTES
_d-67768
_eTS2
_fc.3
_i29333
_si
949 _bBC
_cTES
_d-67769
_eTS2
_fc.4
_i29333
_si
999 _c24261
_d24261